Najpopularniejsze marki butów - Statystyki

Ogólne statystyki
  • Ten quiz został rozwiązany 1 343 razy
  • Średni wynik to 5 z 10
Statystyki odpowiedzi
Marka % Poprawnych
Nike
99%
Adidas
98%
Puma
82%
New Balance
59%
Jordan
50%
Reebok
50%
Vans
41%
Converse
33%
Fila
28%
Skechers
6%
Nie znaleziono quizów pasujących do podanych kryteriów
Rozkład punktacji
Procent ludzi z każdym wynikiem
Percentyl według liczby udzielonych odpowiedzi
Twoja historia wyników
Nie rozwiązałeś tego quizu